| 000 | 00977nam a22003137a 4500 | ||
|---|---|---|---|
| 003 | CHAP | ||
| 005 | 20230613062622.0 | ||
| 008 | 971013s1988 r 00010 d | ||
| 010 | _a11587 | ||
| 011 | _a12559 | ||
| 035 | _a15745 | ||
| 040 | _cCHAP | ||
| 082 |
_a607 _bM48 |
||
| 110 |
_aMéxico. Secretaría de Relaciones Exteriores _977225 |
||
| 245 | _aGuía de cooperación técnica | ||
| 260 |
_aMéxico : _bLa Secretaría, _c1988 |
||
| 300 | _a178 p. | ||
| 500 | _aD14-181 | ||
| 590 |
_aBATCH-UPD _b10 _c20130110 _lUCH01 _h1048 |
||
| 590 |
_aBATCH-UPD _b10 _c20130410 _lUCH01 _h0646 |
||
| 590 |
_aBATCH-UPD _b10 _c20130914 _lUCH01 _h0503 |
||
| 590 |
_aCONVERSION _b10 _c20130109 _lUCH01 _h1308 |
||
| 650 | 1 | 4 |
_aAyuda técnica. _99035 |
| 650 | 1 | 7 |
_aCooperación internacional _2 _927771 |
| 901 | _aBK | ||
| 942 | _cLIBRO | ||
| 949 |
_a607 M48 _bBC _cLIBRO _d33724000011326 _eLIBRO _h74205 _i15745 _si |
||
| 949 |
_a607 M48 _bBC _cLIBRO _d33724000011334 _eLIBRO _fc.2 _h74206 _i15745 _si |
||
| 999 |
_c11587 _d11587 |
||